Fiškálna konsolidácia a jej vplyv na ekonomický rast vybraných krajín eurozóny diplomová práca
Uložené v:
| Hlavný autor: | |
|---|---|
| Korporativný autor: | |
| Ďalší autori: | |
| Médium: | Kniha |
| Jazyk: | Slovak |
| Vydavateľské údaje: |
Bratislava
2018
|
| Tagy: |
Žiadne tagy, Buďte prvý, kto otaguje tento záznam!
|
MARC
| LEADER | 00000nbm a2200000 4500 | ||
|---|---|---|---|
| 001 | 0244216 | ||
| 005 | 20181127085703.6 | ||
| 041 | 0 | |a slo | |
| 044 | |a SK | ||
| 245 | 1 | 0 | |a Fiškálna konsolidácia a jej vplyv na ekonomický rast vybraných krajín eurozóny |b diplomová práca |c Michaela Tomanová ; školiteľ: Elena Fifeková |
| 264 | 1 | |a Bratislava |c 2018 | |
| 300 | |a 58 s. | ||
| 100 | 1 | |a Tomanová, Michaela | |
| 700 | 1 | |a Fifeková, Elena | |
| 710 | 2 | |a Národohospodárska fakulta EU. Katedra hospodárskej politiky | |